00262nam a2200097 a 450000500170000000800410001705000170005810000200007524500340009526000350012920140414132053.0110715s19uu xx 00 eng d aERbD19 2002 aDanziger, Paula aIt's a fair day, amber brown. aNew York :bScholastic,c2002.